000 00386nam a2200121Ia 4500
008 200626s9999 xx 000 0 und d
020 _a978-1-4129-0025-6
100 _aBrotherton, Bob
245 _cBob Brotherton, Roy C. Wood.--
_aThe sage handbook of:
_bHospitality management:/
260 _aLondon:
_bSage Publications Ltd
_c2008
300 _axv, 555 pages
500 _aIncludes Index
999 _c363901
_d363901